Střet civilizací boj kultur a proměna světového řádu

Salvato in:
Dettagli Bibliografici
Autore principale: Huntington, Samuel P.
Altri autori: Nagy, Ladislav
Natura: Libro
Lingua:ceco
Pubblicazione: Praha RYBKA PUBLISHERS 2001
Soggetti:
Tags: Aggiungi Tag
Nessun Tag, puoi essere il primo ad aggiungerne!!

MARC

LEADER 00000nam a2200000 4500
001 c143970
005 20241209123739.2
020 |a 80-86182-49-5 
041 0 |a cze 
044 |a CZ 
245 1 0 |a Střet civilizací  |b boj kultur a proměna světového řádu  |c Samuel P. Huntington ; přeložil: Ladislav Nagy 
264 1 |a Praha  |b RYBKA PUBLISHERS  |c 2001 
300 |a 447 s. 
610 2 0 |a politika svetová 
610 2 0 |a civilizácia 
610 2 0 |a náboženstvo 
610 2 0 |a konflikty medzinárodné 
610 2 0 |a kultúra 
610 2 0 |a boj politický 
610 2 0 |a moc politická 
610 2 0 |a vojny 
610 2 0 |a dejiny 
610 2 0 |a krajiny vyspelé 
610 2 0 |a krajiny rozvojové 
610 2 0 |a islam 
610 2 0 |a svet 
100 1 |a Huntington, Samuel P. 
700 1 |a Nagy, Ladislav